banner-ar

وسائل الدعاية والاعلام فى مصر فى عصر سلاطين المماليك البحرية : (Record no. 65902)

MARC details
000 -الفاتح
حقل البيانات ثابتة الطول 01182nam a22002537a 4500
005 - وقت وتاريخ اخر تعامل مع التسجيلة
رقم الضبط 20240530110849.0
008 - عناصر البيانات ثابتة الطول - معلومات عامة
حقل البيانات ثابتة الطول 200912s2019 ua a f b 000 0dara d
017 ## - رقم الايداع القانونى
رقم الايداع القانونى 2018/14175
المصدر ( الهيئة المختصة) مصر. دار الكتب
020 ## - الرقم الدولى المعيارى للكتب
الرقم الدولى المعيارى للكتاب 9789774387323
040 ## - مصدر الفهرسة
وكالة الفهرسة الأصلية EG-CaGPL
وكالة النسخ EG-CaGPL
082 04 - رقم تصنيف ديوى العشرى
رقم الطبعة 21
رقم التصنيف 953.082\
رقم المادة ق/ر و
100 0# - المدخل الرئيسى - إسم شخصى
الإسم الشخصى رشا محمود عبدالعزيز فيالة
245 10 - بيان العنوان
العنوان وسائل الدعاية والاعلام فى مصر فى عصر سلاطين المماليك البحرية :
بقية العنوان ( 648 - 784 هـ / 1250 - 1382 م ) /
بيان المسئوليه,etc رشا محمود عبدالعزيز فيالة
250 ## - بيان الطبعة
بيان الطبعة ط.1
260 ## - PUBLICATION, DISTRIBUTION, ETC. (IMPRINT)
تاريخ النشر أو التوزيع 2019
300 ## - الوصف المادى
التعداد 259 ص. ؛
أبعاد الوعاء 24 سم.
504 ## - تبصرة ببليوجرافية
تبصرة ببليوجرافية,الخ يشتمل على ارجاعات ببليوجرافية
650 07 - المدخل الاضافى بالموضوع-مصطلح موضوعى
مصطلح موضوعي وسائل الاعلام
مصدر الرأس أو المصطلح qrmak
التقسيم الفرعي الجغرافي مصر
التقسيم الفرعي الزمني عصر المماليك البحرية
650 07 - المدخل الاضافى بالموضوع-مصطلح موضوعى
مصطلح موضوعي المماليك البحرية
650 07 - المدخل الاضافى بالموضوع-مصطلح موضوعى
مصطلح موضوعي الدعاية
التقسيم الفرعي الجغرافي مصر
التقسيم الفرعي الزمني عصر المماليك البحرية
650 07 - المدخل الاضافى بالموضوع-مصطلح موضوعى
مصطلح موضوعي الاعلان
التقسيم الفرعي الجغرافي مصر
التقسيم الفرعي الزمني عصر المماليك البحرية
942 ## - عناصر المدخل الإضافي( كوها)
مصدر التصنيف او مخطط الترفيف Dewey Decimal Classification
Koha [default] item type كتاب
260 ## - PUBLICATION, DISTRIBUTION, ETC. (IMPRINT)
-- القاهرة :
-- المكتب الجامعى الحديث ،
Holdings
حالة التراجع حالة الفقد حالة تلف ليس للاعارة المكان المؤقت الموقع الحالى موقع الترفيف تاريخ الاكتساب اجمالي اﻻعارات رقم الطلب الباركود تاريخ اخر مشاهدة تاريخ تفعيل السعر نوع وعاء كوها
        مكتبة القاهرة الكبرى مكتبة القاهرة الكبرى   11/07/2020   953.082\ ق/ر و 167023 11/07/2020 11/07/2020 كتاب

Powered By

EGPV